1713 1693 1277 1597 1103 1354 1022 1926 1086 1196 1162 1995 1357 1338 1099 1267 1925 1453 1964 1370 1207 1612 1636 1316 1564 1556 1299 1746 1155 1293 1885 1067 1519 1012 1571 1550 1106 1006 1699 1465 1835 1990 1571 1790 1820 1982 1643 1514 1569 1645 1909 1917 1356 1757 1246 1317 1243 1214 1042 1541 1088 1566 1570 1893 1606 1277 1733 1529 1118 1143 1508 1445 1768 1565 1665 1672 1627 1484 1318 1335 1915 1439 1807 1736 1253 1289 1340 1512 1394 1919 1182 1812 1829 1006 1672 1071 1955 1233 1478 BCNSPRNW ULIB Ver.6.0+V

เปลี่ยนเป็นภาษาไทย

Change to English
 แสดงรายละเอียดบรรณานุกรม
  กลับหน้าหลัก

Brief Record : Get Marc (ISO 2709) : E-mail record : QR code < ปิดหน้าต่าง
LEADER : 00000nam a2200000Ia 4500
001    13399114919
003     ULIB
008    120621s2554||||th 000 0 tha d
020    ^a9789744963192
060 04 ^aWL355^bจ145ก
100 0  ^aจรรจา สันตยากร
245 10 ^aการจัดการดูแลโรคหลอดเลือดสมองในชุมชนแนวคิดและประสบการณ์การพยาบาลในชุมชน /^cจรรจา สันตยากร
246 31 ^aCerebro vascular disease
260    ^aพิษณุโลก :^bโครงการตำราคณะพยาบาลศาสตร์ มหาวิทยาลัยนเรศวร,^c2554
300    ^avii, 237 หน้า. ;^c27 ซม.
650  2 ^aCerebro vascular disease
650  2 ^aStroke
650  4 ^aผู้ปว่ย, การจัดการดูแล
650  4 ^aโรคหลอดเลือดสมอง
650  4 ^aหลอดเลือดสมองผิดปกติ
653    ^aโครงการตำราคณะพยาบาลศาสตร์ มหาวิทยาลัยนเรศวร
710 2  ^aมหาวิทยาลัยนเรศวร ^bคณะพยาบาลศาสตร์
945    ^p250^l0^i032110
995    ^aเกษร
999 ^a ใช้งานได้ทุกระบบ
รายการนี้ยังไม่มีแท็ก
คุณยังไม่ได้ล็อกอิน คุณสามารถมีกิจกรรมร่วมกับเว็บไซต์ได้ แต่ต้องล็อกอินก่อน ::
  ล็อกอิน

รายการสื่อสารสนเทศ

ลำดับที่ ประเภท เลขเรียก/บาร์โค้ด สถานที่ สถานะ
1. วิทยาศาสตร์การแพทย์ และสุขภาพ
หนังสือสำรอง
สถานะ=หนังสือสำรอง
WL355 จ145ก ฉ.1 
  Barcode: 032110
ห้องสมุดวิทยาเขตสวรรค์ประชารักษ์
►ส่วนจัดเก็บหนังสือเก่า สปร
บนชั้น
  ขอยืม

รายการใกล้เคียง
    ผู้แต่ง [จรรจา สันตยากร]

    หัวเรื่อง [Stroke]
    หัวเรื่อง [โรคหลอดเลือดสมอง]
    หัวเรื่อง [หลอดเลือดสมองผิดปกติ]

BibComment


ยังไม่เคยถูกคอมเมนท์

คอมเมนท์ทรัพยากรรายการนี้
  คอมเมนท์: การจัดการดูแลโรค..


 Copyright 2026. Bcnsprnw @Library